Curso internacional de prehistoria y arqueologia en Empurias
Publicado:
San Jorge, núm. 70 - 71 (2n - 3r trimestre 1968), pàg 162 :
MARC
| LEADER | 00000nam a2200000Ia 4500 | ||
|---|---|---|---|
| 001 | |||
| 008 | 160829s9999 xx 000 0 cat d | ||
| 245 | |a Curso internacional de prehistoria y arqueologia en Empurias | ||
| 260 | |a San Jorge, núm. 70 - 71 (2n - 3r trimestre 1968), pàg 162 | ||
| 650 | |a Prehistòria |9 31362 | ||
| 650 | 0 | |a Arqueologia |9 31236 | |
| 650 | |a Cursos |9 21408 | ||
| 901 | |a Arxiu | ||
| 942 | |n 1 | ||
| 952 | |0 0 |1 0 |4 0 |7 1 |9 49661 |a Arxiu |b Arxiu |d 2016-12-01 |l 0 |r 2016-12-01 00:00:00 |w 2016-12-01 |y ARXIU | ||
| 999 | |c 53503 |d 53503 | ||